000
00327nam a22001337a 4500
008
180924b xxu||||| |||| 00| 0 eng d
020
_a
9780615134161
041
_a
eng
080
_a
159.9
100
_a
49
101
_a
PSI
245
_a
Assessing and Managing Risk in Psychological Practice
_c
Bennett, B.E
942
_2
udc
_c
BK
999
_c
48418
_d
48418